00403nam a22001457a 4500003000400000008004100004020001800045082001600063100003700079245005100116250001300167260005800180300001100238650000800249OSt240413b |||||||| |||| 00| 0 eng d a9788195400904 a005.133 BAD aBANERJEE, Chandan and DAS, Atanu aData Structures and Algorithms in C and Python aIst. ed. aTelanganabUniversities Press (India) Pvt. Ltd.c2023 a634 p. aBCA